000
00265nam a22001217a 4500
008
170508b xxu||||| |||| 00| 0 eng d
041
_a
eng
080
_2
5 ED
_a
34
100
_a
14
101
_a
SHJ
245
_a
REAL ESTATE LAW
_c
SIEDEL.G.J
942
_2
udc
_c
BK
999
_c
12857
_d
12857